000 00390nam a2200145Ia 4500
008 230917s9999||||xx |||||||||||||| ||und||
040 _e93385
_aMAIN
041 _aEnglish
082 _a617 S72M
100 _aSuneeta
245 2 _aA modified technique of incision drainage of accute abscesses using malecot catheter
260 _aRohtak
_bM D University
300 _a69 p.
942 _cTH
999 _c34813
_d34813